Allgemeine Moden-Zeitung

Bibliographic Details
Corporate Author: Baumgärtnerische Buchhandlung (Printer)
Format: Journal
Language:German
PhysicalDescription:29 cm
Subjects:

MARC

LEADER 00000nas a2200000 4500
001 vtls012274723
003 SK-MaSNL
005 20260228155626.0
008 250407d18061903gw wr p 000 b0ger
015 |a SNBHFB 
040 |a SNKHF  |b slo  |c SNKHF  |e rda 
041 0 |a ger 
044 |a gw  |c DE 
072 7 |a 391  |x Odev, móda, ozdoby  |2 konspekt 
080 |a (051)-048.55  |2 2011 
080 |a 391  |2 2011 
245 0 0 |a Allgemeine Moden-Zeitung 
264 3 |a Leipzig  |b Baumgärtner  |c [1806-1903] 
300 |c 29 cm 
310 |a 1x týždenne 
336 |a text  |b txt  |2 rdacontent 
337 |a bez média  |b n  |2 rdamedia 
338 |a zväzok  |b nc  |2 rdacarrierr 
362 0 |a [Rok 1806-rok 1903]  |z ZDB/2025 
500 |a Editor: 1836-1837, A. Diezmann 
525 |a Suplement v r. 1837, 1840, 1847, 1861-1867: Bildermagazin für die elegante Welt 
525 |a Suplement v r. 1824-1865: Tagesbericht für die Modenwelt 
546 |a Nemčina  |b Fraktúra 
561 |a Proveniencia: pečiatka Dr. E. Kadarász - ver. not. poz. Margity Zayovej Čís. 10982-10986.  |5 SNK ČB 2331/1836 
561 |a Proveniencia: pečiatka Dr. E. Kadarász - ver. not. poz. Margity Zayovej Čís. 10989-10990.  |5 SNK ČB 2331/1837 
588 |a Popis podľa: No.1 (1836) 
650 0 7 |a móda  |2 SNKPH  |9 19682 
655 7 |a špecializované časopisy  |2 SNKPH  |9 70509 
710 2 |a Baumgärtnerische Buchhandlung  |4 prt  |9 183680 
752 |a Nemecko  |d Lipsko 
852 |a snk  |b Zaiova knižnica: Zay 10481-10489  |p ČB 2331/1836-1837 
958 |a DF 
999 |c 15  |d 15 
952 |0 0  |1 0  |4 0  |7 0  |8 5  |a SNK  |b SNK  |c SNK_HF  |d 2025-04-07  |i snk2025/6003  |l 0  |o snkČB 2331/1836/1  |p 17A1489670  |r 2026-02-21 22:35:06  |t Zay 10481  |w 2026-02-21  |y PREZ 
952 |0 0  |1 0  |4 0  |7 0  |8 5  |a SNK  |b SNK  |c SNK_HF  |d 2025-04-07  |i snk2025/6004  |l 0  |o snkČB 2331/1836/2  |p 17A1489669  |r 2026-02-21 22:35:06  |t Zay 10482  |w 2026-02-21  |y PREZ 
952 |0 0  |1 0  |4 0  |7 0  |8 5  |a SNK  |b SNK  |c SNK_HF  |d 2025-04-07  |i snk2025/6006  |l 0  |o snkČB 2331/1836/3  |p 17A1489668  |r 2026-02-21 22:35:06  |t Zay 10483  |w 2026-02-21  |y PREZ 
952 |0 0  |1 0  |4 0  |7 0  |8 5  |a SNK  |b SNK  |c SNK_HF  |d 2025-04-07  |i snk2025/6007  |l 0  |o snkČB 2331/1836/4  |p 17A1489667  |r 2026-02-21 22:35:06  |t Zay 10484  |w 2026-02-21  |y PREZ 
952 |0 0  |1 0  |4 0  |7 0  |8 5  |a SNK  |b SNK  |c SNK_HF  |d 2025-04-07  |i snk2025/6009  |l 0  |o snkČB 2331/1836/5  |p 17A1489666  |r 2026-02-21 22:35:06  |t Zay 10485  |w 2026-02-21  |y PREZ 
952 |0 0  |1 0  |4 0  |7 0  |8 5  |a SNK  |b SNK  |c SNK_HF  |d 2025-04-07  |i snk2025/6010  |l 0  |o snkČB 2331/1836/6  |p 17A1489665  |r 2026-02-21 22:35:06  |t Zay 10486  |w 2026-02-21  |y PREZ 
952 |0 0  |1 0  |4 0  |7 0  |8 5  |a SNK  |b SNK  |c SNK_HF  |d 2025-04-07  |i snk2025/6014  |l 0  |o snkČB 2331/1837/1  |p 17A1489664  |r 2026-02-21 22:35:06  |t Zay 10487  |w 2026-02-21  |y PREZ 
952 |0 0  |1 0  |4 0  |7 0  |8 5  |a SNK  |b SNK  |c SNK_HF  |d 2025-04-07  |i snk2025/6015  |l 0  |o snkČB 2331/1837/2  |p 17A1489663  |r 2026-02-21 22:35:06  |t Zay 10488  |w 2026-02-21  |y PREZ 
952 |0 0  |1 0  |4 0  |7 0  |8 5  |a SNK  |b SNK  |c SNK_HF  |d 2025-04-07  |i snk2025/6016  |l 0  |o snkČB 2331/1837/3  |p 17A1489662  |r 2026-02-21 22:35:06  |t Zay 10489  |w 2026-02-21  |y PREZ